| 000 | 01055cam a22002771 4500 | ||
|---|---|---|---|
| 001 | 10920 | ||
| 003 | BD-RjUL | ||
| 005 | 20211208235036.0 | ||
| 008 | 161026s1961 enka b 100 0 eng | ||
| 035 | _a(BD-RjUL)10969 | ||
| 035 | _a(OCoLC)10454512 | ||
| 040 |
_aDLC _cMnU _dMBNU _dDLC _dBD-RjUL _beng |
||
| 041 | _aeng | ||
| 082 |
_a546 _bINI 1961 |
||
| 110 | 2 |
_aInternational Symposium on Inorganic Polymers _d(1961 : _cNottingham, Eng.) _9160801 |
|
| 245 | 1 | 0 |
_aInorganic polymers : _bthe lectures delivered at an international symposium held at Nottingham on 18th-21st July, 1961. / _cOrganised jointly by the University of Nottingham and the Chemical Society. |
| 260 |
_aLondon : _bChemical Society, _c1961. |
||
| 300 |
_a146 p. : _bill. ; _c21 cm. |
||
| 410 | 2 | 0 |
_aChemical Society (Great Britain) _tSpecial publication, _vno. 15 |
| 504 | _aIncludes bibliographies. | ||
| 650 | 0 |
_a polymers. _933745 |
|
| 710 | 2 |
_aUniversity of Nottingham. _933746 |
|
| 710 | 2 |
_aChemical Society (Great Britain) _9429 |
|
| 942 |
_2ddc _cBK |
||
| 999 |
_c10920 _d10920 |
||